[Event "Titled Tuesday intern op 14th Sept"]
[Site "Chess.com INT"]
[Date "2021.09.14"]
[Round "7"]
[White "Khayrullin, Denis"]
[Black "Rosenberg, Evan"]
[Result "1-0"]
[WhiteElo "2398"]
[BlackElo "2125"]
[PlyCount "91"]
[EventDate "2021.09.14"]
[EventType "swiss (blitz)"]
[EventRounds "11"]
[EventCountry "USA"]
[SourceTitle "EXT 2022"]
[Source "ChessBase"]
[SourceDate "2021.10.06"]
[SourceVersion "1"]
[SourceVersionDate "2021.10.06"]
[SourceQuality "1"]

1. d4 Nf6 2. c4 e6 3. Nf3 d5 4. g3 Bb4+ 5. Bd2 Be7 6. Bg2 0-0 7. 0-0 c6 8. Qc2 a5 9. Rd1 Nbd7 10. Bf4 a4 11. Nc3 a3 12. b3 Nh5 13. Bd2 f5 14. e3 Ndf6 15. Ne5 Ne4 16. Be1 Nhf6 17. Ne2 Bd7 18. b4 Be8 19. c5 Bh5 20. f3 Ng5 21. Nf4 Qc8 22. Rab1 Be8 23. Bf1 Nf7 24. Nxf7 Bxf7 25. b5 g5 26. Nd3 Bg6 27. Ne5 Kg7 28. bxc6 bxc6 29. Rb6 f4 30. Nxg6 hxg6 31. exf4 gxf4 32. g4 e5 33. dxe5 Nd7 34. Rb3 Nxc5 35. Rc3 Ne6 36. Rxc6 Qd7 37. Bf2 Rfc8 38. Rxc8 Rxc8 39. Qb3 d4 40. Bc4 Nc5 41. Qb1 d3 42. Bxd3 Nxd3 43. Rxd3 Qe6 44. Rd1 Rd8 45. Re1 Rc8 46. Qe4 1-0